| 000 | 01248nam0a2200361 4500 | ||
|---|---|---|---|
| 001 | RU\NLR\bibl\1375767 | ||
| 005 | 20250615191857.0 | ||
| 010 |
_a978-5-9684-1175-4 _92000 |
||
| 021 |
_aRU _b2009-25909 _91538 |
||
| 035 | _a(nilc)RSL-KNO-004273252 | ||
| 035 | _a(NLR Aleph) 001367878 | ||
| 090 |
_a1022673 _c1022673 |
||
| 100 | _a20090410d2008 |||y0rusy50 ca | ||
| 101 | 0 | _arus | |
| 102 | _aRU | ||
| 105 | _aa ||||||||| | ||
| 200 | 1 |
_aПисьма живого усопшего, или Послания с Того Света _fЭлен Баркер |
|
| 210 |
_aСанкт-Петербург _cВектор _d2008 |
||
| 215 |
_a215, [1] с. _d17 |
||
| 225 | 1 | _aКлассика оккультизма | |
| 517 | 0 | _aПослания с Того Света | |
| 606 | 1 |
_aСмерть _xПсихологические исследования _91636684 _3RU\NLR\auth\661021723 |
|
| 606 | 1 |
_aЗагробная жизнь _9909499 _3RU\NLR\auth\6612202 |
|
| 686 |
_aЭ391.4,0 _2rubbk |
||
| 686 | _aЮ969 | ||
| 686 | _aЭ242.227 | ||
| 700 | 1 |
_aБаркер _bЭ. _gЭлен _4070 |
|
| 801 | 0 |
_aRU _bРГБ _c20090410 _grcr |
|
| 801 | 1 |
_aRU _bРГБ _c20090410 |
|
| 801 | 2 |
_aRU _bNLR _c20090602 _grcr |
|
| 942 | _cBOOK | ||
| 980 | _aNB | ||